[Event "Oslo Chess Festival 2018"]
[Site "Oslo"]
[Date "2018.10.01"]
[Round "2"]
[White "Vasyliv, Stanislav"]
[Black "Vestby-Ellingsen, Mads"]
[Result "1/2-1/2"]
[WhiteElo "2142"]
[BlackElo "2410"]
[Annotator "TA"]
[PlyCount "100"]
[EventDate "2018.09.30"]
[EventCountry "NOR"]
[SourceTitle "playchess.com"]
[Source "ChessBase"]
[SourceQuality "1"]

{[%evp 22,100,8,25,37,-17,-12,-22,-12,-15,-14,-18,-14,-14,-11,-11,33,2,2,2,2,2,3,6,10,0,0,-15,-14,-13,-10,-13,-16,-17,0,0,0,-56,-12,-56,-56,-56,-38,-48,-34,-41,0,0,0,0,0,-9,-4,-10,0,0,0,0,0,0,8,0,59,59,59,56,59,61,59,62,70,62,119,8,8,8,8,8,8,8,8]} 1. d4 Nf6 2. Nf3 g6 3. c4 Bg7 4. Nc3 d5 5. Bg5 Ne4 6. cxd5 Nxg5 7. Nxg5 O-O 8. Nf3 c6 9. dxc6 Nxc6 {[%cal Bb8c6,Bc6b4,Bb4c2][%mdl 32]} 10. e3 e5 11. d5 e4 12. Nxe4 {LiveBook: 4 Games. D91: Grünfeld: 4 Nf3 Bg7 5 Bg5} Nb4 13. Bc4 $146 (13. Qd2 $14 Nxd5 14. Rd1) ({Predecessor:} 13. Qd2 Qa5 14. Rc1 Bxb2 15. Rc4 Ba3 16. Qc3 Bf5 17. Nfd2 Bxe4 18. Nxe4 b5 19. Nf6+ Kh8 20. Rh4 Nd3+ 21. Ke2 {1-0 (21) Shabalov,A (2535)-Georges,S (2320) Suhr 1992}) 13... Bf5 $11 14. Qd2 Qb6 15. Ng3 Nc2+ 16. Ke2 Nxa1 17. Nxf5 gxf5 18. Rxa1 Rfd8 ({Reject} 18... Bxb2 $6 19. Rb1 $16) 19. Rd1 Qxb2 20. Qxb2 Bxb2 21. Rb1 Bf6 22. Rxb7 Rab8 23. Rxa7 Rb2+ 24. Kd3 Rxf2 25. a4 Rxg2 26. a5 Rf2 27. Nd4 Bxd4 28. Kxd4 {[%mdl 4096] Endgame KRR-KRB} f4 29. e4 (29. d6 $11 Rxd6+ 30. Ke5) 29... Rc2 30. Bd3 Ra2 31. a6 Ra4+ 32. Ke5 f3 33. Rb7 Kg7 34. Rb2 Ra3 35. Bf1 Rc8 36. d6 Rd8 {aiming for ...Ra5+.} 37. Rd2 f2 38. Kd5 Ra1 39. Rxf2 Rd1+ 40. Kc5 {[#] Hoping for e5.} R1xd6 41. a7 R6d7 (41... Rd1 $1 $11) 42. Ra2 $14 {[%mdl 1024] White has compensation.} Ra8 43. Kb6 {Black must now prevent Bb5.} Kf6 44. Bh3 Re7 $1 45. Bf5 h5 46. Ra5 {And now h3 would win.} h4 {[#]} ({Black should try} 46... Kg5 $14) 47. h3 (47. Bg4 $1 $16) 47... Kg7 $11 {The position is equal.} 48. e5 {Be4 is the strong threat.} Raxa7 49. Rxa7 Rxa7 50. Kxa7 Kh6 {Precision: White = 51%, Black = 61%.} 1/2-1/2

[Event "Oslo Chess Festival 2018"]
[Site "Oslo"]
[Date "2018.10.01"]
[Round "2"]
[White "Lobersli, Henrik Oie"]
[Black "Pigott, John C"]
[Result "0-1"]
[WhiteElo "2120"]
[BlackElo "2386"]
[Annotator "TA"]
[PlyCount "104"]
[EventDate "2018.09.30"]
[EventCountry "NOR"]
[SourceTitle "playchess.com"]
[Source "ChessBase"]
[SourceQuality "1"]

{[%evp 17,104,43,43,43,48,50,52,53,53,30,33,4,11,20,7,21,10,17,22,29,29,25,27,10,50,0,0,0,0,-21,-21,-26,-22,-26,0,-90,-90,-90,-84,-156,-104,-121,-121,-101,-86,-93,0,-17,0,0,0,0,0,0,0,0,0,0,0,0,0,0,0,-65,0,-312,0,0,0,0,0,0,0,0,-8,-29,-28,-34,0,0,0,-25,-29,-412,-393,-609,-114,-897,-843]} 1. e4 d6 2. d4 Nf6 3. Nc3 g6 4. f4 Bg7 5. Nf3 c5 6. Bb5+ Bd7 7. e5 {[%cal Be4e5,Be5e6][%mdl 32]} Ng4 8. e6 Bxb5 9. exf7+ Kf8 10. Nxb5 {Threatens to win with Qe2. B09: Pirc Defence: Austrian Attack} Qa5+ $1 11. Nc3 cxd4 12. Nxd4 {White is slightly better.} Kxf7 13. O-O Qc5 14. Qxg4 {[#] Hoping for Qe6+.} Bxd4+ 15. Kh1 {Strongly threatening f5.} Bxc3 16. bxc3 Qf5 ({Don't go for} 16... Qxc3 $2 17. f5 $18) 17. Qe2 {[#]} Nc6 $146 ({Predecessor:} 17... Nd7) 18. Rb1 Rab8 19. Rb5 Qe6 20. Qd3 Ke8 21. f5 gxf5 22. Rbxf5 Kd7 23. Bf4 Rbf8 24. Bxd6 Rxf5 25. Be5+ $1 Ke8 26. Bxh8 (26. Qxf5 $11 Qxe5 27. Qc8+ Nd8 28. Rd1) 26... Rxf1+ $17 27. Qxf1 Qxa2 28. Qd1 (28. h3 $142) 28... Qg8 (28... a5 $142 29. h3 a4 30. Qh5+ Kd7 31. Qf5+ Kd6 32. Qxh7 a3 33. Qg6+ Kd7 34. Qd3+ Kc8) 29. Qh5+ Qf7 30. Qe2 Kf8 31. h3 {[#]} Kg8 (31... Qf5 $1 $17) 32. Bd4 $1 $11 Qd5 33. Qg4+ Kf7 34. Qg7+ Ke8 35. Qxh7 a5 36. Qh8+ Kd7 37. Qa8 b5 38. Qb7+ Kd6 39. Bb6 a4 {Threatening ...a3.} 40. Bc7+ ({White should try} 40. Qa6 $11) 40... Kc5 (40... Ke6 $15 41. Qa8 Kf6) 41. Qb6+ $1 Kc4 {White must now prevent ...Qc5.} 42. Qe3 Qd1+ 43. Kh2 Qxc2 44. Qe6+ Kc5 45. Qe3+ Kd5 46. Qf3+ Qe4 {...Qxf3 is the strong threat.} 47. Qf7+ e6 {White should prevent ...Kc4.} 48. Qf1 {[%cal Rf1b5]} Kc5 49. Qf2+ Kc4 50. Qf1+ $2 {[%mdl 8192]} (50. Qb2 $1 $11) 50... Qd3 $19 51. Qf6 (51. Qf8 $142 Kb3 52. Bd6) 51... Qd5 $2 (51... a3 $19 {and Black stays clearly on top.} 52. Qxe6+ Qd5) 52. Bg3 $2 {[%mdl 8192]} (52. Qf1+ $17 Qd3 53. Qa1) 52... a3 {Precision: White = 48%, Black = 64%.} 0-1

[Event "Oslo Chess Festival 2018"]
[Site "Oslo"]
[Date "2018.10.01"]
[Round "2"]
[White "Melaa, Sondre Lillestøl"]
[Black "Kaasen, Tor Fredrik"]
[Result "1-0"]
[WhiteElo "2077"]
[BlackElo "2388"]
[Annotator "TA"]
[PlyCount "40"]
[EventDate "2018.09.30"]
[EventCountry "NOR"]
[SourceTitle "playchess.com"]
[Source "ChessBase"]
[SourceQuality "1"]

{[%evp 19,40,47,118,125,206,218,168,159,158,139,177,186,413,391,644,620,623,506,596,505,554,556,524]} 1. e4 c5 2. Nf3 e6 3. d4 cxd4 4. Nxd4 a6 5. c4 Nf6 6. Nc3 d6 7. Be3 Be7 8. Be2 O-O 9. O-O Nbd7 10. f4 Qc7 {LiveBook: 11 Games. B41: Sicilian: Kan Variation: 5 c4} (10... Nc5 $14) 11. g4 $16 {[%cal Bg2g4,Bg4g5][%mdl 32]} b6 (11... Nc5 $16) 12. g5 $18 Ne8 {White is clearly better.} 13. Rc1 Bb7 14. f5 Nc5 15. fxe6 $146 ({Predecessor:} 15. Bf3 d5 16. cxd5 exd5 17. Nxd5 Bxd5 18. exd5 {1-0 (31) Erwich,F (2322)-Leenhouts,K (2111) Vlissingen 2001}) 15... fxe6 $2 {[#]} (15... Nxe6 {might work better.} 16. Nd5 Qd8) 16. Bg4 Nxe4 $2 (16... Qd7 17. Rxf8+ Bxf8) 17. Bxe6+ {White is clearly winning.} Kh8 18. Rxf8+ Bxf8 19. Qf3 {[%cal Rf3f8] [#]} N8f6 {...Nxg5! is the strong threat.} 20. Nxe4 ({Not} 20. gxf6 Nxc3 21. Qg4 Ne4 $18) 20... Nxe4 {Precision: White = 73%, Black =  8%.} 1-0

[Event "Oslo Chess Festival 2018"]
[Site "Oslo"]
[Date "2018.10.01"]
[Round "2"]
[White "Svensen, Tarjei Joten"]
[Black "Vijayalakshmi, Subbaraman"]
[Result "0-1"]
[WhiteElo "2074"]
[BlackElo "2359"]
[Annotator "TA"]
[PlyCount "76"]
[EventDate "2018.09.30"]
[EventCountry "NOR"]
[SourceTitle "playchess.com"]
[Source "ChessBase"]
[SourceQuality "1"]

{[%evp 18,75,0,0,30,30,33,31,49,29,81,83,87,-88,-11,-9,-12,-91,-83,-121,-138,-137,-77,-99,-84,-190,-204,-453,-447,-563,-562,-552,-521,-365,-281,-301,-295,-293,-278,-349,-214,-287,-290,-291,-268,-378,-326,-364,0,-353,0,-341,-336,-584,-585,-851,-826,-29998,-29999,-29999]} 1. d4 Nf6 2. c4 e6 3. Nc3 Bb4 4. Qc2 O-O 5. e3 d5 6. Bd3 dxc4 7. Bxc4 c5 8. Nf3 Nc6 9. dxc5 Bxc5 10. a3 e5 {E38: Nimzo-Indian: Classical: 4...c5} (10... Bd7 11. O-O Rc8 12. Rd1 Qc7 13. b4 Be7 14. Bb2 Nxb4 15. axb4 Qxc4 16. Rd4 Qc7 17. Rh4 h6 18. Rxa7 Rfd8 19. Qb1 Nh7 {0-1 (67) Manolache,M (2545)-Zoler,D (2509) Tel Aviv 2011}) 11. b4 Bb6 12. Bb2 $146 ({Predecessor:} 12. b5 Na5 13. Ba2 Qc7 14. Bb2 Bg4 15. Rc1 Rac8 16. Qb1 Qe7 {½-½ (25) Glass,J-Rowley,R (2291) Los Angeles 2003}) 12... Bg4 {White is slightly better.} 13. Rd1 Qc8 (13... Qe7 $11) 14. Nd5 $16 Bd8 15. e4 $2 {[#]} (15. h3 $16 {stays on course.} Bf5 16. Qe2) 15... Nd4 ({Better is} 15... Bxf3 $1 $17 16. gxf3 Qh3) 16. Bxd4 $11 exd4 17. Nxf6+ (17. Rxd4 $11 b5 18. Bd3) 17... Bxf6 $17 18. Qb3 Bxf3 19. gxf3 Qc7 (19... Qh3 $142 20. Rc1 Rac8) 20. Ke2 Rac8 21. Bd5 (21. Rc1 $17 {was necessary.}) 21... Qf4 $19 22. Rd3 $2 (22. Bc4 {was forced.}) 22... Rc7 23. Qb2 Rfc8 {( -> ...Rc2+)} 24. Bb3 Rc3 {Hoping for ...Rxd3.} 25. Rhd1 Qxh2 26. Rxc3 Rxc3 ({Don't take} 26... dxc3 27. Qc2 $19) 27. Rd3 Rc8 ({Resist} 27... Bh4 28. Rxc3 dxc3 29. Qxc3 $19) 28. Qd2 Qe5 29. Bd5 Bg5 30. Qa2 Rc7 31. Qb2 (31. Bb3 $142) 31... Bf6 32. Qd2 Bg5 33. Qb2 Bf6 34. Qd2 $1 h6 35. f4 $2 (35. Qd1) 35... Qh5+ 36. Kf1 {[#]} Rc1+ $1 {[%mdl 512]} 37. Kg2 (37. Qxc1 Qh1+) 37... Qh1+ 38. Kg3 Rg1# {Precision: White = 28%, Black = 58%.} 0-1

[Event "Oslo Chess Festival 2018"]
[Site "Oslo"]
[Date "2018.10.02"]
[Round "3"]
[White "Dziuba, Marcin"]
[Black "Risting, Eivind Olav"]
[Result "1-0"]
[WhiteElo "2573"]
[BlackElo "2299"]
[Annotator "TA"]
[PlyCount "77"]
[EventDate "2018.09.30"]
[EventCountry "NOR"]
[SourceTitle "playchess.com"]
[Source "ChessBase"]
[SourceQuality "1"]

{[%evp 23,76,20,34,13,24,30,57,29,91,70,77,54,58,38,96,22,41,33,11,16,4,11,236,67,264,260,363,323,315,209,204,213,208,187,362,354,729,721,1138,1150,1261,1236,1932,1470,29988,29989,29994,195,185,131,522,329,381,274,29999]} 1. d4 Nf6 2. c4 e6 3. g3 d5 4. Bg2 Bb4+ 5. Bd2 Be7 6. Nf3 O-O 7. O-O Nbd7 8. Qc2 Ne4 9. Bf4 c6 10. Nc3 g5 {E08: Katalanisch} 11. Bc1 (11. Be3 Nd6 12. cxd5 exd5 13. Rad1 Re8 14. Bc1 Nb6 15. b3 Bf6 16. Qd2 g4 17. Ne5 Bg7 18. Rfe1 {1-0 (50) Jojua,D (2583)-Le,Q (2727) Abu Dhabi 2018}) 11... f5 12. b3 Bf6 {LiveBook: 6 Partien. Die Stellung ist ausgeglichen.} 13. e3 $146 ({Vorgänger:} 13. Bb2 Bg7 14. Rad1 Qe7 15. Ne1 Ndf6 16. Nxe4 Nxe4 17. f3 Nf6 18. Qc1 {1-0 (61) Batchuluun,T (2571)-Bocharov,D (2573) Ulaanbaatar 2018}) 13... g4 14. Ne1 h5 15. Nd3 Kg7 (15... h4 $11 {hält das Gleichgewicht.}) 16. Ne2 Rh8 17. Bb2 h4 18. Nef4 Qe8 (18... Qe7 $14) 19. Rad1 ({Günstiger ist} 19. gxh4 $16 {Und h5 würde nun gewinnen.} Rxh4 20. f3 gxf3 21. Bxf3) 19... hxg3 20. fxg3 Rh6 21. Bxe4 dxe4 22. Ne5 Nf8 $2 {[#]} (22... Nxe5 $11 23. dxe5 Be7) 23. h4 $2 ({Der einzige Zug:} 23. h3 $1 $18) 23... gxh3 $2 ({Lieber} 23... Kg8 $14) 24. Kh2 $18 Nh7 {[#]} 25. g4 $1 Ng5 {und nun wäre ...Lxe5 stark für Schwarz.} 26. gxf5 exf5 27. Rg1 Kh7 28. Rg3 Ne6 $2 (28... Rh4 29. Qf2 b6) 29. Rdg1 Nxf4 $2 (29... Bxe5 30. dxe5 Bd7) 30. exf4 Be6 31. d5 cxd5 32. cxd5 Rc8 33. Nc4 Bxd5 34. Bxf6 Rxf6 35. Qc3 $2 (35. Rxh3+ {setzt Matt} Rh6 36. Qg2 Rc7 37. Rxh6+ Kxh6 38. Qg5+ Kh7 39. Qh4+ Qh5 40. Qxh5#) 35... Qf8 36. Rg5 $40 {[%mdl 128] Weiss geht auf den König.} (36. Qd2 $18 Be6 37. Rxh3+ Rh6 38. Rgg3) 36... Rcc6 $2 {[%mdl 8192]} (36... Qf7 $16 {ist eine bessere Chance.}) 37. Qg3 Rh6 {Mit der Idee ...Tc7.} 38. Rxf5 Qe8 $2 (38... Bf7 $18 39. Ne5 Rc2+ 40. Kh1 h2) 39. Qg7# {Precision: Weiß = 49%, Schwarz = 13%.} 1-0

[Event "Oslo Chess Festival 2018"]
[Site "Oslo"]
[Date "2018.10.02"]
[Round "3"]
[White "Stella, Andrea"]
[Black "Abdrlauf, Elham"]
[Result "1-0"]
[WhiteElo "2500"]
[BlackElo "2080"]
[Annotator "TA"]
[PlyCount "84"]
[EventDate "2018.09.30"]
[EventCountry "NOR"]
[SourceTitle "playchess.com"]
[Source "ChessBase"]
[SourceQuality "1"]

{[%evp 14,84,33,-12,41,44,44,44,52,45,109,109,109,109,111,105,111,98,118,113,118,111,99,111,104,93,131,94,109,99,100,109,151,143,141,143,141,145,134,138,159,135,123,128,217,168,461,458,429,437,440,347,427,429,766,766,730,705,926,1289,1116,933,899,0,862,626,828,789,2655,2615,29981,29981,29980]} 1. d4 {RR} g6 2. e4 Bg7 3. Nf3 d6 4. Nc3 Nf6 5. h3 O-O 6. Be3 a6 7. a4 b6 8. e5 {LiveBook: 41 Games} dxe5 {B08: Pirc Defence: Classical System} (8... Nfd7 $11) (8... Nfd7 9. e6 fxe6 10. h4 Nf6 11. Bd3 Nc6 12. h5 gxh5 13. Ne4 Nb4 14. Nfg5 h6 15. Nxf6+ exf6 16. Nh7 {1-0 (76) Artemiev,V (2655)-Smirin,I (2670) Moscow 2017}) 9. dxe5 $14 Qxd1+ 10. Rxd1 Nfd7 {White is slightly better.} 11. Nd5 {[#] And now e6 would win.} Nxe5 (11... e6 $1 $14 12. Ne7+ Kh8) 12. Nxe7+ $16 Kh8 13. Nxe5 Bxe5 14. Nxc8 Rxc8 15. c3 Kg7 $146 ({Predecessor:} 15... c5 16. Bc4 {1-0 (29) Friedel,J (2477)-Priser,P (1980) Sautron 2007 EXT 2008 [RR]}) 16. Be2 c5 17. f4 Bf6 18. Kf2 Ra7 19. g3 Re8 20. Bf3 Rc7 21. Rhe1 b5 22. f5 {aiming for Bh6+!} g5 23. axb5 axb5 24. Bxg5 Rxe1 25. Bxf6+ Kxf6 26. Rxe1 {[%mdl 4096] Endgame KRB-KRN} Nd7 27. g4 {[%cal Bg3g4,Bg4g5][%mdl 32]} Ne5 {[#] Hoping for ...Nd3+.} 28. Be2 Ra7 (28... Rd7 $16) 29. Kg3 $18 {Strongly threatening Kf4.} ({Don't take} 29. Bxb5 $6 Rb7) 29... Rd7 $2 (29... c4 {is a better defense.} 30. Kf4 Nd3+ 31. Bxd3 cxd3) 30. Kf4 Nd3+ 31. Bxd3 $1 Rxd3 {KR-KR} 32. g5+ Kg7 33. h4 Rd2 (33... h6 $142 34. Re7 Rd8) 34. f6+ Kf8 35. Re5 Rxb2 36. Rxc5 {[%cal Rc5c8]} Ke8 37. Re5+ Kf8 38. Rc5 {[%cal Rc5c8]} Ke8 39. Rc8+ Kd7 40. Rf8 b4 41. Rxf7+ Kd8 42. cxb4 Rxb4+ {Precision: White = 87%, Black = 27%.} 1-0

[Event "Oslo Chess Festival 2018"]
[Site "Oslo"]
[Date "2018.10.02"]
[Round "3"]
[White "Pavlovic, Milos"]
[Black "Sousa, Ludy Helsio Paulo"]
[Result "1-0"]
[WhiteElo "2481"]
[BlackElo "2175"]
[Annotator "TA"]
[PlyCount "85"]
[EventDate "2018.09.30"]
[EventCountry "NOR"]
[SourceTitle "playchess.com"]
[Source "ChessBase"]
[SourceQuality "1"]

{[%evp 9,85,10,18,0,7,-4,12,11,37,22,35,35,40,43,65,63,64,64,67,61,70,68,70,73,91,95,95,77,79,85,81,77,80,39,83,60,65,63,142,96,173,214,249,257,288,285,341,331,362,301,485,458,339,259,270,218,208,212,794,790,1090,1100,1004,932,937,945,831,814,725,395,387,369,370,366,1458,1459,1433,1439]} 1. d4 Nf6 2. Nf3 c5 3. c3 Qc7 4. Bg5 Ne4 5. Be3 (5. Bh4 d5 6. e3 Nc6 7. Nbd2 Bf5 8. Nxe4 dxe4 9. Nd2 e6 10. Bg3 Qd8 11. Bb5 Be7 12. dxc5 Bxc5 {½-½ (73) So,W (2770)-Vachier Lagrave,M (2789) Paris 2016}) 5... b6 $146 ({Predecessor:} 5... cxd4 6. Nxd4 Nc6 7. Nd2 Nf6 8. Bg5 e6 9. e3 Be7 10. Be2 h6 11. Bh4 a6 12. Bg3 d6 {0-1 (74) Hebden,M (2515)-Perez Ponsa,F (2363) ICC INT 2008}) 6. g3 {A46: 1 d4 Nf6 2 Nf3 e6: Torre, London and Colle Systems} Bb7 7. Bg2 d6 8. O-O {The position is equal.} Nd7 9. c4 g6 10. d5 Bg7 11. Qc2 $36 {[%mdl 2048] White is more active.} Nef6 12. Nc3 a6 13. a4 O-O 14. Rad1 Ng4 15. Bc1 Rfb8 16. b3 Bc8 17. Bb2 Ngf6 18. Rfe1 Qd8 19. e4 Ne8 20. Bf1 Nc7 21. h3 h6 22. Kh2 Kh7 23. Nh4 Qh8 (23... e5 $14) 24. Rd2 Nf8 {[#]} (24... b5 $16 {was necessary.}) 25. f4 $1 $18 Bd7 {[#]} 26. e5 $1 {[%mdl 512]} dxe5 27. f5 Bf6 28. fxg6+ fxg6 29. Ne4 Ne8 $2 (29... Qg7 30. Bd3 a5) 30. Bd3 Qg7 31. Nf3 Nd6 32. Nxf6+ exf6 {[#]} 33. Nxe5 $1 {[%mdl 512]} fxe5 $2 (33... Re8) 34. Bxe5 Qe7 35. Rde2 Re8 36. Bb2 Qf7 37. Qc3 {[%csl Gb2][%cal Rc3h8]} Ne6 38. dxe6 Rxe6 39. Rf1 ({Worse is} 39. Rxe6 Qf2+ 40. Kh1 Qf3+ 41. Kg1 (41. Kh2 Qf2+ 42. Kh1 Qf3+ 43. Kh2 Qf2+ $11) 41... Qxg3+ 42. Kh1 Qxh3+ 43. Kg1 Qg3+ 44. Kh1 Qh3+ 45. Kg1 Qg3+ 46. Kf1 Qf3+ 47. Kg1 Qg3+ $11) 39... Rxe2+ 40. Bxe2 {[%cal Bd3e2,Be2f3,Bf3d5][%mdl 32]} Qe7 41. Bf3 Rf8 $2 (41... Re8 42. g4 Be6) 42. Re1 Qf7 43. Bd5 {Precision: White = 73%, Black = 30%.} 1-0

[Event "Oslo Chess Festival 2018"]
[Site "Oslo"]
[Date "2018.10.02"]
[Round "3"]
[White "Vestby-Ellingsen, Mads"]
[Black "Bruaset, Eivind"]
[Result "0-1"]
[WhiteElo "2410"]
[BlackElo "2048"]
[Annotator "TA"]
[PlyCount "132"]
[EventDate "2018.09.30"]
[EventCountry "NOR"]
[SourceTitle "playchess.com"]
[Source "ChessBase"]
[SourceQuality "1"]

{[%evp 23,132,19,25,25,18,16,16,0,27,20,17,17,17,20,14,15,97,99,93,93,89,95,92,17,273,272,257,256,333,195,181,175,187,169,183,171,159,127,663,732,659,528,522,525,507,497,655,218,478,468,451,382,579,0,0,-144,-141,-432,-452,-520,-499,-724,-603,-545,0,-708,-700,-805,-759,-700,-258,-272,-267,-252,-240,-267,-266,-268,-261,-270,-273,-443,-427,-540,-536,-12847,-12794,-12794,-12796,-12840,-9570,-11675,-10568,-8955,-5747,-5110,-2425,-1399,0,0,0,-29971,-29972,-29975,-29976,-29987,-29988,-29991,-29992,-29993,-29994]} 1. e4 e6 2. d4 d5 3. Nc3 Bb4 4. e5 c5 5. a3 Bxc3+ 6. bxc3 Qa5 7. Bd2 Qa4 8. Qg4 Kf8 9. Qd1 {C18: French: 3 Nc3 Bb4: Main line: 7 h4 and 7 Qg4} (9. h4 Nc6 10. h5 h6 11. Qd1 cxd4 12. Nf3 dxc3 13. Bxc3 g5 14. hxg6 Qe4+ 15. Be2 Qxg6 16. Qd2 Nge7 17. Bd3 Qxg2 18. Ke2 Qg4 19. Rh4 Qg7 20. Rg1 Ng6 21. Rf4 Nce7 22. Bb4 a5 23. Rxg6 {1-0 (23) Caruana,F (2804)-Lenderman,A (2599) Saint Louis 2018}) 9... Ne7 10. Nf3 c4 11. h4 Nbc6 12. h5 h6 $1 {LiveBook: 5 Games} 13. g4 Ke8 14. Nh4 Kd8 15. Bh3 Bd7 16. f4 $146 ({Predecessor:} 16. O-O g5 {1-0 (38) Gabrielsen,S (2314)-Bruaset,E (2012) Fornebu 2017}) 16... g6 17. hxg6 fxg6 18. f5 gxf5 19. gxf5 Nxf5 (19... exf5 $11 20. Ng2 Kc7) 20. Bxf5 $16 exf5 21. Ng6 $36 {[%mdl 2048] Keeping Black busy.} Rg8 22. Nf4 Ne7 23. Kf2 (23. Be3 $16) 23... Qc6 $2 {[%mdl 8192] [#]} (23... Kc7 $11) 24. e6 $1 $18 {[%cal Re6d7][%mdl 512]} Be8 (24... Bxe6 25. Rxh6) 25. Rxh6 Rc8 26. a4 (26. Qh1 $142) 26... Rc7 27. Qf3 Kc8 28. a5 Kb8 29. Bc1 Rg4 30. Rh8 Nc8 $2 {[%mdl 8192]} (30... Rc8 $16) 31. Nxd5 Nd6 32. Bf4 Rxf4 33. Nxf4 Ne4+ 34. Ke2 Rg7 35. Nh5 $2 (35. d5 Qc8 36. Qe3) 35... Re7 $2 (35... Nxc3+ {was necessary.} 36. Kf2 (36. Qxc3 Qg2+ 37. Ke3 Qh3+ 38. Kf4 Qxc3 $11) 36... Ne4+ 37. Ke3 Rg5) 36. Qxf5 Rxe6 {Hoping for ...Ng3+.} 37. d5 Nxc3+ (37... Ng3+ $142 38. Kf2 Nxf5 39. dxc6 Kc7 40. cxb7 Kxb7) 38. Kf2 $2 (38. Kf1 $18 Qxd5 39. Qf4+ Kc8 40. Nf6) 38... Nxd5 $11 {aiming for ...Qd6.} 39. Kg3 (39. Qf8 $11 {remains equal.}) 39... Qd6+ $17 40. Kh3 $2 {[%mdl 8192]} (40. Nf4 $17 {was the only defense.} Nxf4 41. Qxf4 Rg6+ 42. Kf3) 40... Kc7 $19 ({Not} 40... Re3+ 41. Kg2 $19) 41. Rxe8 Rxe8 42. Rd1 (42. Rg1 $142 Re5 43. Qf7+ Re7 44. Qf5) 42... Qa3+ 43. Kh2 {intending Kh1.} Qd6+ 44. Kh3 Re3+ 45. Kg4 Re5 46. Qf7+ Qd7+ $2 (46... Kc6 {Threatens to win with ...Ne3+.} 47. Rg1 Qh6) 47. Qxd7+ Kxd7 {[%mdl 4096] Endgame KRN-KRN} 48. Ng3 Kc6 49. Kf3 Re3+ 50. Kf2 Rc3 51. Rd2 Ra3 52. Ne4 $2 (52. Rd4 {is the only way for White.}) 52... Rxa5 53. Rd1 Ra2 54. Rxd5 Rxc2+ 55. Rd2 Rxd2+ 56. Nxd2 {KN-K3P} b5 {[%cal Bb7b5,Bb5b4,Bb4b3][%mdl 32]} 57. Ke3 Kc5 58. Ne4+ {[#]} Kb4 $1 59. Kd2 {[#]} Kb3 $1 {[%cal Rb3b2]} 60. Kc1 c3 $2 (60... b4 $19 61. Kb1 a5 62. Nc5+ Kc3 63. Na4+ Kd4) 61. Kb1 $11 b4 62. Nc5+ $2 {[%mdl 8192]} (62. Nd6 $11) 62... Kc4 {Black mates.} 63. Na6 b3 64. Ka1 Kd3 65. Kb1 Kd2 66. Ka1 c2 {Precision: White = 56%, Black = 61%.} 0-1

[Event "Oslo Chess Festival 2018"]
[Site "Oslo"]
[Date "2018.10.02"]
[Round "3"]
[White "Vijayalakshmi, Subbaraman"]
[Black "Melaa, Sondre Lillestøl"]
[Result "1-0"]
[WhiteElo "2359"]
[BlackElo "2077"]
[Annotator "TA"]
[PlyCount "69"]
[EventDate "2018.09.30"]
[EventCountry "NOR"]
[SourceTitle "playchess.com"]
[Source "ChessBase"]
[SourceQuality "1"]

{[%evp 20,69,29,30,29,25,30,31,41,53,42,38,91,81,135,147,180,175,327,328,271,261,306,253,618,588,589,589,963,958,925,909,1199,1107,1089,1079,1006,1207,1157,1149,1844,1790,1455,1202,29978,29979,29992,29991,29994,29992,29992,29993]} 1. Nf3 Nf6 2. g3 g6 3. d4 Bg7 4. Bg2 O-O 5. O-O d6 6. c4 Nbd7 7. Nc3 e5 8. e4 c6 9. h3 Qb6 10. dxe5 dxe5 11. Qe2 Re8 {E69: King's Indian: Fianchetto: 6...Nbd7 7 0-0 e5 8 e4 c6 9 h3} (11... Qc5 12. a3 Qe7 13. b4 Ne8 14. Rb1 Nc7 15. Qc2 Ne6 16. Ne2 b6 17. Be3 Bb7 18. Rfc1 Rfd8 19. Ne1 {0-1 (40) Jakovljevic,V (2412)-Markus,R (2618) Rijeka 2010}) 12. Rd1 Nf8 13. Be3 {[%cal Bc1e3,Be3c5,Bc5d6][%mdl 32]} Qc7 {White is slightly better.} 14. Bc5 N6d7 15. Bd6 Qa5 $146 (15... Qb6 $14) ({Predecessor:} 15... Qb6 16. b4 Ne6 17. Rab1 Nd4 18. Qe3 Nxf3+ 19. Qxf3 {1-0 (38) Lick,P (2200)-Celik,A (2067) Braunschweig 2011}) 16. b4 {[%cal Bb2b4,Bb4b5][%mdl 32]} Qa3 (16... Qd8 $142) 17. Rab1 $16 b6 18. b5 $36 {[%mdl 2048] White is really pushing.} c5 $2 {[#]} (18... Nc5) 19. Rb3 $18 Qa5 20. Nd5 Bb7 21. Nc7 {Strongly threatening Rdd3.} f5 $2 (21... a6 22. bxa6 (22. Nxa8 Rxa8 23. Bxf8 Nxf8 $18) 22... Bxa6) 22. Nxa8 Bxa8 23. exf5 gxf5 24. Nh4 {[%cal Bf3h4,Bh4f5,Bf5d6][%mdl 32]} Bxg2 25. Kxg2 f4 26. Bxf8 Nxf8 27. Nf5 e4 28. gxf4 {[%cal Bg3f4,Bf4f5][%mdl 32]} Ng6 29. Kh1 Bf6 30. Nd6 Re7 31. f5 Nf8 32. Rg3+ {[%cal Bb3g3,Bg3g8,Bg8f8][%mdl 32] White mates.} Kh8 33. Rdg1 {[%csl Gg1][%cal Rg3g8]} h6 34. Rg8+ Kh7 35. Rxf8 {Precision: White = 89%, Black = 33%.} 1-0

[Event "Oslo Chess Festival 2018"]
[Site "Oslo"]
[Date "2018.10.02"]
[Round "3"]
[White "Van Zyl-Rudd, Jack"]
[Black "Movsziszian, Karen"]
[Result "1/2-1/2"]
[WhiteElo "2265"]
[BlackElo "2523"]
[Annotator "TA"]
[PlyCount "39"]
[EventDate "2018.09.30"]
[EventCountry "NOR"]
[SourceTitle "playchess.com"]
[Source "ChessBase"]
[SourceQuality "1"]

{[%evp 32,39,14,0,0,-10,-12,-25,-14,-16]} 1. e4 d6 2. d4 Nf6 3. Nc3 g6 4. Nf3 Bg7 5. Be2 O-O 6. O-O Bg4 7. Be3 Nc6 8. Qd2 e5 9. dxe5 dxe5 10. Rad1 Qc8 11. Qc1 Rd8 12. Rxd8+ Qxd8 13. Rd1 Qf8 14. h3 Bxf3 15. Bxf3 Rd8 16. Rxd8 Qxd8 17. Qd1 {LiveBook: 8 Games. B08: Pirc Defence: Classical System} Nd4 18. Bxd4 exd4 19. Nd5 $146 ({Predecessor:} 19. Nb5 c5 20. b3 a6 21. Nc3 Qa5 22. Nd5 Qxa2 23. Qe2 b5 24. e5 Nxd5 25. Bxd5 {½-½ (55) Ude,H (1920)-Roemer,U (2285) Seefeld 1997}) 19... Nxd5 20. exd5 1/2-1/2